000 00370nam a2200145 a 4500
008 990416s1969||||xx 0 und c
020 _a622
_c16,50
040 _aSNK
_bslo
_cSNK
_eAACR2
100 1 _aŠatura, František
245 1 0 _aUčebnica Esperanta
_bPre kurzy a samoukov
260 _aBratislava
_bSPN
_c1969
300 _a212 s.
041 _aslo
044 _axo
_cSK
999 _c19238
_d19238